[Event "WchT ICSC Silent 19th"]
[Site "Chiavenna"]
[Date "2019.12.17"]
[Round "6.3"]
[White "Klaric, Zlatko"]
[Black "Musienko, Olexiy"]
[Result "1-0"]
[WhiteElo "2356"]
[BlackElo "1811"]
[PlyCount "73"]
[EventDate "2019.12.14"]
[EventType "team-tourn"]
[EventRounds "9"]
[EventCountry "ITA"]
[SourceTitle "CBM 193 Extra"]
[Source "ChessBase"]
[SourceDate "2020.01.31"]
[SourceVersion "1"]
[SourceVersionDate "2020.01.31"]
[SourceQuality "1"]
[WhiteTeam "Croatia"]
[BlackTeam "Ukraine"]
[WhiteTeamCountry "CRO"]
[BlackTeamCountry "UKR"]

1. d4 Nf6 2. Bg5 Ne4 3. Bf4 d5 4. Nd2 Bf5 5. Nxe4 Bxe4 6. f3 Bg6 7. h4 h5 8. e3 e6 9. Bd3 Bxd3 10. Qxd3 Qd7 11. Ne2 Bd6 12. c4 dxc4 13. Qxc4 Bxf4 14. Nxf4 c6 15. 0-0-0 Na6 16. Rd3 Nc7 17. Rhd1 Nd5 18. Ne2 Qc7 19. g3 0-0-0 20. e4 Nf6 21. Qc5 Kb8 22. Ra3 a6 23. Rdd3 Rd7 24. Rdb3 Ka8 25. Rb6 Qc8 26. Nc3 Rc7 27. Qg5 Qd8 28. Qa5 Qc8 29. Na4 Nd7 30. Rbb3 g6 31. Rc3 Re8 32. f4 Ka7 33. Rab3 f5 34. e5 Re7 35. Qb4 Re8 36. Qd6 Nb8 37. Qc5+ 1-0

[Event "Malinska Krk op"]
[Site "Malinska"]
[Date "2019.11.02"]
[Round "4"]
[White "Klaric, Zlatko"]
[Black "Gavran, Marinko"]
[Result "1-0"]
[WhiteElo "2353"]
[BlackElo "2085"]
[PlyCount "39"]
[EventDate "2019.10.30"]
[EventType "swiss"]
[EventRounds "5"]
[EventCountry "CRO"]
[SourceTitle "CBM 192 Extra"]
[Source "Chessbase"]
[SourceDate "2019.11.06"]
[SourceVersion "1"]
[SourceVersionDate "2019.11.06"]
[SourceQuality "1"]

1. d4 d5 2. Bf4 Nf6 3. e3 e6 4. Bd3 Be7 5. Nd2 c5 6. c3 Nc6 7. Ngf3 0-0 8. Ne5 Nd7 9. Ndf3 Ndxe5 10. dxe5 b6 11. h4 f6 12. Bxh7+ Kxh7 13. Ng5+ Kg8 14. Qh5 fxg5 15. hxg5 Bxg5 16. Bxg5 Qc7 17. Bf6 Ne7 18. Qh7+ Kf7 19. Qxg7+ Ke8 20. Rh7 1-0

[Event "Malinska Krk op"]
[Site "Malinska"]
[Date "2019.11.01"]
[Round "2"]
[White "Klaric, Zlatko"]
[Black "Mazuran, Gabrijel"]
[Result "1/2-1/2"]
[WhiteElo "2353"]
[BlackElo "1962"]
[PlyCount "88"]
[EventDate "2019.10.30"]
[EventType "swiss"]
[EventRounds "5"]
[EventCountry "CRO"]
[SourceTitle "CBM 192 Extra"]
[Source "Chessbase"]
[SourceDate "2019.11.06"]
[SourceVersion "1"]
[SourceVersionDate "2019.11.06"]
[SourceQuality "1"]

1. d4 Nf6 2. Nf3 e6 3. Bg5 c5 4. e3 h6 5. Bh4 cxd4 6. exd4 Be7 7. Nbd2 b6 8. Bd3 Ba6 9. Nc4 0-0 10. Qe2 d5 11. Nce5 Bxd3 12. cxd3 Nfd7 13. Bg3 Nxe5 14. Nxe5 Bb4+ 15. Kf1 Bd6 16. Rc1 Bxe5 17. Qxe5 Qd7 18. Qc7 Qb5 19. Qc3 Nd7 20. Qb3 Qa5 21. Ke2 e5 22. dxe5 Nxe5 23. Bxe5 Rae8 24. Qc3 Qxc3 25. bxc3 Rxe5+ 26. Kd2 d4 27. c4 Ra5 28. Rc2 Re8 29. Re1 Rxe1 30. Kxe1 Ra3 31. Ke2 f5 32. Rd2 Kf7 33. Kf3 Kf6 34. h4 g6 35. g4 Rc3 36. Kf4 g5+ 37. hxg5+ hxg5+ 38. Kf3 Rc1 39. gxf5 Kxf5 40. Rb2 g4+ 41. Ke2 Kf4 42. Kd2 Rf1 43. Ke2 Rc1 44. Kd2 Rf1 1/2-1/2

[Event "Balaton IM 36th"]
[Site "Balatonlelle"]
[Date "2018.06.20"]
[Round "9"]
[White "Saber, Yasser"]
[Black "Klaric, Zlatko"]
[Result "1-0"]
[WhiteElo "2266"]
[BlackElo "2397"]
[PlyCount "71"]
[EventDate "2018.06.12"]
[EventType "tourn"]
[EventRounds "9"]
[EventCountry "HUN"]
[EventCategory "2"]
[SourceTitle "CBM 185 Extra"]
[Source "ChessBase"]
[SourceDate "2018.07.29"]
[SourceVersion "1"]
[SourceVersionDate "2018.07.29"]
[SourceQuality "1"]

1. d4 c6 2. c4 f5 3. g3 Nf6 4. Bg2 d5 5. Nh3 dxc4 6. 0-0 Be6 7. Nf4 Bf7 8. Qc2 g6 9. Rd1 Nbd7 10. Nd2 Nb6 11. Nf3 Bg7 12. Ne5 Nfd5 13. e4 Nxf4 14. Nxf7 Kxf7 15. Bxf4 e6 16. a4 a5 17. b3 Bxd4 18. bxc4 Bxa1 19. Rxd8 Rhxd8 20. Bc7 Bd4 21. Qb3 Rd7 22. Bxb6 Bxb6 23. Qxb6 Ra6 24. Qb2 Ra8 25. Qb6 Ra6 26. Qe3 Ra8 27. e5 Rad8 28. c5 Rd1+ 29. Bf1 Ra1 30. Kg2 Rd7 31. Bc4 Re7 32. Qg5 Ke8 33. Qf6 Kd7 34. Bxe6+ Rxe6 35. Qf7+ Re7 36. e6+ 1-0

[Event "Balaton IM 36th"]
[Site "Balatonlelle"]
[Date "2018.06.16"]
[Round "5"]
[White "McPhillips, Joseph"]
[Black "Klaric, Zlatko"]
[Result "1/2-1/2"]
[WhiteElo "2399"]
[BlackElo "2397"]
[PlyCount "138"]
[EventDate "2018.06.12"]
[EventType "tourn"]
[EventRounds "9"]
[EventCountry "HUN"]
[EventCategory "2"]
[SourceTitle "CBM 185 Extra"]
[Source "ChessBase"]
[SourceDate "2018.07.29"]
[SourceVersion "1"]
[SourceVersionDate "2018.07.29"]
[SourceQuality "1"]

1. e4 e5 2. Nf3 Nc6 3. Bb5 Nge7 4. c3 g6 5. d4 exd4 6. cxd4 d5 7. exd5 Nxd5 8. 0-0 Bg7 9. Bg5 Qd6 10. Qe2+ Be6 11. Nc3 Nxc3 12. bxc3 0-0 13. Qd2 Na5 14. Rfe1 c6 15. Bd3 Rfe8 16. Bh6 Nc4 17. Qg5 Bd5 18. Bxg7 Kxg7 19. Bxc4 Bxc4 20. Ne5 Be6 21. Qf4 Rad8 22. Qh4 f6 23. Nd3 Qa3 24. Nc5 Qxc3 25. Qf4 Bf7 26. Red1 g5 27. Qc7 Rxd4 28. Rdc1 Qb4 29. h3 Rd2 30. Rab1 Qd4 31. Qg3 Ree2 32. Rxb7 Qxf2+ 33. Qxf2 Rxf2 34. Ne6+ Kg8 35. Rb8+ Be8 36. Nc7 Rxg2+ 37. Kh1 Rh2+ 38. Kg1 Rdg2+ 39. Kf1 Rxa2 40. Kg1 Rhg2+ 41. Kh1 Rh2+ 42. Kg1 Rag2+ 43. Kf1 Rd2 44. Kg1 Kf7 45. Rxe8 Rdg2+ 46. Kf1 Rc2 47. Rxc2 Rxc2 48. Re3 a5 49. Re4 Ra2 50. Rc4 a4 51. Rxc6 a3 52. Nd5 Rd2 53. Rxf6+ Kg7 54. Ra6 Rxd5 55. Rxa3 Kg6 56. Ra4 Rd2 57. h4 h6 58. hxg5 hxg5 59. Kg1 Kh5 60. Ra3 Kh4 61. Rb3 g4 62. Ra3 Re2 63. Rb3 Kg5 64. Ra3 Kf4 65. Rb3 Re3 66. Rxe3 Kxe3 67. Kg2 Kf4 68. Kf2 g3+ 69. Kg2 Kg4 1/2-1/2

[Event "WchT Silent"]
[Site "Opatija"]
[Date "2014.06.25"]
[Round "7.3"]
[White "Klaric, Zlatko"]
[Black "Checiak, Krzysztof"]
[Result "0-1"]
[WhiteElo "2415"]
[BlackElo "2101"]
[PlyCount "68"]
[EventDate "2014.06.19"]
[EventType "team-swiss"]
[EventRounds "9"]
[EventCountry "CRO"]
[SourceTitle "CBM 161 Extra"]
[Source "ChessBase"]
[SourceDate "2014.08.29"]
[SourceVersion "1"]
[SourceVersionDate "2014.08.29"]
[SourceQuality "1"]
[WhiteTeam "Croatia"]
[BlackTeam "Poland"]
[WhiteTeamCountry "CRO"]
[BlackTeamCountry "POL"]

1. d4 Nf6 2. c3 e6 3. Bg5 d5 4. Nd2 Nbd7 5. f4 c5 6. e3 Be7 7. Bd3 h6 8. Bxf6 Nxf6 9. Ngf3 Bd7 10. Ne5 g6 11. 0-0 Qb6 12. Qb1 Bb5 13. Bxb5+ Qxb5 14. a4 Qe2 15. Re1 Qa6 16. g4 Qd6 17. Rf1 Rh7 18. b4 c4 19. a5 0-0-0 20. b5 Rg8 21. e4 g5 22. a6 b6 23. Nc6 Nxe4 24. Nxe4 dxe4 25. Qxe4 f5 26. Nxa7+ Kd7 27. gxf5 gxf4+ 28. Kf2 Rhg7 29. Qxe6+ Qxe6 30. fxe6+ Kxe6 31. Nc6 Bh4+ 32. Kf3 Kf5 33. Ne5 Rg2 34. a7 Rxh2 0-1

[Event "WchT Silent"]
[Site "Opatija"]
[Date "2014.06.22"]
[Round "4.4"]
[White "Klaric, Zlatko"]
[Black "Kovalenko, Vladimir N"]
[Result "1-0"]
[WhiteElo "2415"]
[BlackElo "2087"]
[PlyCount "77"]
[EventDate "2014.06.19"]
[EventType "team-swiss"]
[EventRounds "9"]
[EventCountry "CRO"]
[SourceTitle "CBM 161 Extra"]
[Source "ChessBase"]
[SourceDate "2014.08.29"]
[SourceVersion "1"]
[SourceVersionDate "2014.08.29"]
[SourceQuality "1"]
[WhiteTeam "Croatia"]
[BlackTeam "Ukraine"]
[WhiteTeamCountry "CRO"]
[BlackTeamCountry "UKR"]

1. d4 Nf6 2. Bg5 c5 3. e3 Qb6 4. Bxf6 gxf6 5. Nf3 Qxb2 6. Nbd2 Qb6 7. Bd3 d6 8. c3 e6 9. Qc2 h5 10. 0-0 Nd7 11. a4 Qc7 12. a5 Be7 13. c4 h4 14. d5 e5 15. Bf5 Nb8 16. Rfd1 Na6 17. Qe4 Rh5 18. Nxh4 Rxh4 19. Qxh4 Bxf5 20. Qh8+ Bf8 21. e4 Bd7 22. Qxf6 Nb4 23. f4 exf4 24. e5 Qd8 25. Qh8 Bf5 26. Re1 Nc2 27. e6 Nxe1 28. Rxe1 fxe6 29. dxe6 Bxe6 30. Rxe6+ Kd7 31. Qh3 Qxa5 32. Rf6+ Kc6 33. Rf7 Qa1+ 34. Nf1 Qd4+ 35. Kh1 Rd8 36. Qb3 d5 37. Qxb7+ Kd6 38. Qa6+ Ke5 39. Qf6+ 1-0

[Event "Gatwick e2e4 Masters-B"]
[Site "Crawley"]
[Date "2012.08.20"]
[Round "5"]
[White "Michielsen, Joost"]
[Black "Klaric, Zlatko"]
[Result "0-1"]
[WhiteElo "2367"]
[BlackElo "2427"]
[PlyCount "50"]
[EventDate "2012.08.18"]
[EventType "tourn"]
[EventRounds "9"]
[EventCountry "ENG"]
[EventCategory "1"]
[SourceTitle "CBM 150 Extra"]
[Source "ChessBase"]
[SourceDate "2012.10.19"]
[SourceVersion "1"]
[SourceVersionDate "2012.10.19"]
[SourceQuality "1"]

1. e4 b6 2. d4 Bb7 3. Bd3 g6 4. Nf3 Bg7 5. c4 e6 6. Nc3 Ne7 7. d5 0-0 8. 0-0 a6 9. Re1 d6 10. Bf1 c6 11. Bg5 h6 12. dxc6 Nbxc6 13. Be3 d5 14. cxd5 exd5 15. exd5 Nb4 16. Qb3 Nbxd5 17. Rad1 Qd6 18. Bc4 Rad8 19. Rd2 Qc6 20. Nxd5 Nxd5 21. Red1 Nxe3 22. Rxd8 Nxc4 23. Rxf8+ Bxf8 24. Rc1 b5 25. Qc2 Qf6 0-1

[Event "Gatwick e2e4 Masters-B"]
[Site "Crawley"]
[Date "2012.08.19"]
[Round "3"]
[White "Venkataramanan, TS."]
[Black "Klaric, Zlatko"]
[Result "1/2-1/2"]
[WhiteElo "2287"]
[BlackElo "2427"]
[PlyCount "95"]
[EventDate "2012.08.18"]
[EventType "tourn"]
[EventRounds "9"]
[EventCountry "ENG"]
[EventCategory "1"]
[SourceTitle "CBM 150 Extra"]
[Source "ChessBase"]
[SourceDate "2012.10.19"]
[SourceVersion "1"]
[SourceVersionDate "2012.10.19"]
[SourceQuality "1"]

1. e4 d6 2. d4 Nf6 3. Nc3 c6 4. f4 d5 5. e5 Ne4 6. Nxe4 dxe4 7. Bc4 f5 8. Be3 Na6 9. Nh3 Nc7 10. Qe2 Be6 11. Bb3 Bxb3 12. axb3 e6 13. 0-0 a6 14. Nf2 Be7 15. g4 Bh4 16. Nh3 Qe7 17. c4 0-0-0 18. Rfd1 Rd7 19. Kh1 Rhd8 20. Ng1 h6 21. Qc2 g5 22. Ne2 gxf4 23. Bxf4 Bg5 24. Qc1 c5 25. d5 exd5 26. gxf5 dxc4 27. Rxd7 Qxd7 28. Bxg5 hxg5 29. e6 Qd5 30. e7 Rh8 31. Qc3 Re8 32. f6 e3+ 33. Kg1 Qf3 34. Rf1 Qxe2 35. Qxc4 Qxc4 36. bxc4 Ne6 37. Re1 Nd8 38. Rxe3 Nf7 39. Rd3 Kc7 40. Kf2 Ne5 41. Kg3 Ng6 42. Rd5 Nxe7 43. fxe7 Kc6 44. Rxg5 Rxe7 45. Rg6+ Kc7 46. Rf6 Rg7+ 47. Kf2 Rh7 48. Kg3 1/2-1/2

[Event "EU-chT ICSC 20th"]
[Site "Liverpool"]
[Date "2011.06.11"]
[Round "5"]
[White "MacLeod, Alasdair"]
[Black "Klaric, Zlatko"]
[Result "0-1"]
[WhiteElo "2010"]
[BlackElo "2426"]
[PlyCount "80"]
[EventDate "2011.06.09"]
[EventType "team-tourn"]
[EventRounds "7"]
[EventCountry "ENG"]
[SourceTitle "CBM 142 Extra"]
[Source "ChessBase"]
[SourceDate "2011.06.27"]
[SourceVersion "1"]
[SourceVersionDate "2011.06.27"]
[SourceQuality "1"]
[WhiteTeam "London"]
[BlackTeam "Zagreb"]
[WhiteTeamCountry "ENG"]
[BlackTeamCountry "CRO"]

1. e4 d5 2. exd5 Qxd5 3. Nc3 Qd6 4. d4 Nf6 5. Nf3 g6 6. h3 Bg7 7. Bc4 0-0 8. Bb3 Nc6 9. Be3 Na5 10. 0-0 Nxb3 11. axb3 Bf5 12. Qe2 Nd5 13. Nxd5 Qxd5 14. c4 Qd6 15. Ra4 a6 16. Rd1 Rad8 17. Rd2 Rfe8 18. d5 e5 19. c5 Qf8 20. Qc4 Bh6 21. Bxh6 Qxh6 22. Re2 Bd7 23. c6 b5 24. cxd7 bxc4 25. dxe8Q+ Rxe8 26. Rxc4 Qf8 27. Rxc7 Qd6 28. Rec2 Qxd5 29. Ng5 Rf8 30. R2c6 h6 31. Nf3 e4 32. Nh4 Qg5 33. g3 e3 34. Nf3 Qd5 35. Kg2 e2 36. Rc1 Re8 37. Re1 Qxb3 38. Ra7 Re6 39. Nd4 Qd5+ 40. Nf3 Rf6 0-1

[Event "Mestre Ragazzini Memorial 2nd"]
[Site "Mestre"]
[Date "2011.05.22"]
[Round "5"]
[White "Omeri, Silvan"]
[Black "Klaric, Zlatko"]
[Result "0-1"]
[WhiteElo "2201"]
[BlackElo "2426"]
[PlyCount "96"]
[EventDate "2011.05.20"]
[EventType "swiss"]
[EventRounds "5"]
[EventCountry "ITA"]
[SourceTitle "EXT 2014"]
[Source "ChessBase"]
[SourceDate "2013.11.20"]
[SourceVersion "1"]
[SourceVersionDate "2013.11.20"]
[SourceQuality "1"]

1. e4 e5 2. Nf3 Nc6 3. Bb5 Nge7 4. 0-0 g6 5. d4 exd4 6. Nxd4 Bg7 7. c3 Nxd4 8. cxd4 c6 9. Bc4 d5 10. exd5 Nxd5 11. Nc3 0-0 12. Nxd5 cxd5 13. Bb3 Re8 14. Be3 Re4 15. Qd2 Qd6 16. f3 Re8 17. Bf4 Qb6 18. Rad1 Be6 19. Rfe1 a5 20. Ba4 Rec8 21. Be5 Bxe5 22. Rxe5 Rc4 23. b3 Rc7 24. h4 Rac8 25. b4 Qxb4 26. Qxb4 axb4 27. Bb3 Rd8 28. g4 Rc3 29. Kf2 Kg7 30. Kg3 h6 31. Kf4 Kf6 32. g5+ hxg5+ 33. Rxg5 Bf5 34. h5 Rxf3+ 35. Kxf3 Kxg5 36. Rg1+ Kxh5 37. Kf4 Kh6 38. Ke5 Kg7 39. Rc1 Rd7 40. Rc5 Be4 41. Rb5 g5 42. Rxb4 Re7+ 43. Kd6 Re6+ 44. Kc7 g4 45. Rb5 g3 46. Bxd5 Bxd5 47. Rxd5 g2 48. Rg5+ Rg6 0-1

[Event "Mestre Ragazzini Memorial 2nd"]
[Site "Mestre"]
[Date "2011.05.21"]
[Round "3"]
[White "Guerra, Alessandro"]
[Black "Klaric, Zlatko"]
[Result "0-1"]
[WhiteElo "2225"]
[BlackElo "2426"]
[PlyCount "62"]
[EventDate "2011.05.20"]
[EventType "swiss"]
[EventRounds "5"]
[EventCountry "ITA"]
[SourceTitle "EXT 2014"]
[Source "ChessBase"]
[SourceDate "2013.11.20"]
[SourceVersion "1"]
[SourceVersionDate "2013.11.20"]
[SourceQuality "1"]

1. e4 e5 2. Bc4 Bc5 3. Nf3 Qf6 4. c3 Nc6 5. d4 Bb6 6. d5 Nce7 7. Qe2 h6 8. Be3 g5 9. Na3 Ng6 10. g3 d6 11. Nd2 c6 12. 0-0-0 N8e7 13. Bb3 c5 14. Ba4+ Kd8 15. Ndc4 Bh3 16. f3 Nc8 17. Qf2 Bc7 18. Bxc5 dxc5 19. d6 Bb6 20. d7 Nce7 21. Rd6 Be6 22. b4 Bc7 23. Rhd1 g4 24. Qxc5 b6 25. Na5 Rb8 26. Qxc7+ Kxc7 27. Nb5+ Kd8 28. Rc6 bxa5 29. Rc5 Qxf3 30. Rc8+ Nxc8 31. dxc8Q+ Kxc8 0-1

[Event "Mogliano Veneto op 32nd"]
[Site "Mogliano Veneto"]
[Date "2011.04.30"]
[Round "2"]
[White "Klaric, Zlatko"]
[Black "Fiorido, Giuseppe"]
[Result "1-0"]
[WhiteElo "2426"]
[BlackElo "2139"]
[PlyCount "21"]
[EventDate "2011.04.29"]
[EventType "swiss"]
[EventRounds "5"]
[EventCountry "ITA"]
[SourceTitle "EXT 2023"]
[Source "ChessBase"]
[SourceDate "2022.10.05"]
[SourceVersion "1"]
[SourceVersionDate "2022.10.05"]
[SourceQuality "1"]

1. d4 Nf6 2. Nf3 d5 3. Bf4 e6 4. e3 Bd6 5. Ne5 Bxe5 6. dxe5 Nfd7 7. Qg4 Qe7 8. Qxg7 Qb4+ 9. Nc3 Rf8 10. 0-0-0 c5 11. Nb5 1-0

[Event "CRO-chT1A 18th"]
[Site "Sibenik"]
[Date "2009.09.28"]
[Round "8"]
[White "Klaric, Zlatko"]
[Black "Kovacevic, Vlatko"]
[Result "1/2-1/2"]
[WhiteElo "2405"]
[BlackElo "2505"]
[PlyCount "37"]
[EventDate "2009.09.21"]
[EventType "team-tourn"]
[EventRounds "9"]
[EventCountry "CRO"]
[SourceTitle "CBM 132 Extra"]
[Source "ChessBase"]
[SourceDate "2009.11.03"]
[SourceVersion "1"]
[SourceVersionDate "2009.11.03"]
[SourceQuality "1"]

1. e3 d5 2. c4 e6 3. b3 a5 4. Bb2 Nf6 5. f4 Be7 6. Nf3 0-0 7. Qc2 Na6 8. a3 Nc5 9. b4 axb4 10. axb4 Rxa1 11. Bxa1 Na6 12. b5 Nb4 13. Qc3 c5 14. Na3 b6 15. d3 Bb7 16. Be2 Qa8 17. Bb2 Rd8 18. 0-0 Bf8 19. Nc2 1/2-1/2

[Event "CRO-chT"]
[Site "Rabac"]
[Date "2004.09.08"]
[Round "4.5"]
[White "Kovacevic, Vlatko"]
[Black "Klaric, Zlatko"]
[Result "1-0"]
[WhiteElo "2510"]
[BlackElo "2425"]
[PlyCount "101"]
[EventDate "2004.09.05"]
[EventType "team"]
[EventRounds "9"]
[EventCountry "CRO"]
[SourceTitle "CBM 102 Extra"]
[Source "ChessBase"]
[SourceDate "2004.11.03"]
[SourceVersion "1"]
[SourceVersionDate "2004.11.03"]
[SourceQuality "1"]
[WhiteTeam "Mravince"]
[BlackTeam "Osijek"]
[WhiteTeamCountry "CRO"]
[BlackTeamCountry "CRO"]

1. d4 d5 2. e3 c6 3. c4 Nf6 4. Nc3 g6 5. Nf3 Bg7 6. Be2 0-0 7. 0-0 a6 8. Ne5 b5 9. cxd5 cxd5 10. f4 Bb7 11. Bd2 Nbd7 12. a3 Nb6 13. b3 Rc8 14. Qb1 Qd6 15. Rc1 Ne4 16. Nxe4 dxe4 17. Bb4 Qe6 18. Qb2 Nd5 19. Bd2 f6 20. Ng4 h5 21. Nf2 Nxf4 22. exf4 e3 23. Be1 exf2+ 24. Bxf2 f5 25. a4 Qd6 26. axb5 axb5 27. Qd2 Rxc1+ 28. Rxc1 e5 29. fxe5 Bxe5 30. Bxb5 Bf4 31. Bc4+ Kg7 32. Be3 Bxh2+ 33. Kh1 f4 34. Bf2 f3 35. d5 fxg2+ 36. Kxg2 Bf4 37. Qd4+ Be5 38. Bg3 Bxd4 39. Bxd6 Rd8 40. Rd1 Rxd6 41. Rxd4 Kf6 42. Kf3 g5 43. Ke4 Re6+ 44. Kd3 Re1 45. Kd2 Re8 46. Rd3 Rd8 47. d6 Ke5 48. Ke3 Rxd6 49. Rxd6 Kxd6 50. Be2 h4 51. Kf2 1-0

[Event "CRO-chT"]
[Site "Rabac"]
[Date "2003.09.14"]
[Round "8"]
[White "Klaric, Zlatko"]
[Black "Jusic, Zdenko"]
[Result "0-1"]
[WhiteElo "2416"]
[BlackElo "2412"]
[PlyCount "50"]
[EventDate "2003.09.07"]
[EventType "team"]
[EventRounds "9"]
[EventCountry "CRO"]
[SourceTitle "CBM 096 Extra"]
[Source "ChessBase"]
[SourceDate "2003.10.22"]
[SourceVersion "2"]
[SourceVersionDate "2003.10.20"]
[SourceQuality "1"]

1. Nc3 d6 2. e4 e5 3. f4 exf4 4. Bc4 Qh4+ 5. Kf1 c6 6. d4 g5 7. d5 Nf6 8. Nf3 Qh5 9. e5 dxe5 10. dxc6 g4 11. c7 Nc6 12. Nd5 Nxd5 13. Bxd5 Bd7 14. Nd2 Rc8 15. Ne4 Qg6 16. g3 Bf5 17. Qe1 Rxc7 18. Bxf4 Bg7 19. Rd1 0-0 20. Bc1 Ne7 21. Nc3 Bxc2 22. Rd2 Bd3+ 23. Kf2 Rxc3 24. Rxd3 Rc2+ 25. Rd2 Nxd5 0-1

[Event "CRO-chT"]
[Site "Rabac"]
[Date "2003.09.12"]
[Round "6"]
[White "Klaric, Zlatko"]
[Black "Berebora, Ferenc"]
[Result "1-0"]
[WhiteElo "2416"]
[BlackElo "2388"]
[PlyCount "68"]
[EventDate "2003.09.07"]
[EventType "team"]
[EventRounds "9"]
[EventCountry "CRO"]
[SourceTitle "CBM 096 Extra"]
[Source "ChessBase"]
[SourceDate "2003.10.22"]
[SourceVersion "2"]
[SourceVersionDate "2003.10.20"]
[SourceQuality "1"]

1. e4 c5 2. Nf3 d6 3. Bb5+ Nc6 4. 0-0 Bd7 5. c3 Nf6 6. Re1 a6 7. Bxc6 Bxc6 8. d4 Bxe4 9. Bg5 Bd5 10. Nbd2 c4 11. b3 b5 12. bxc4 bxc4 13. Bxf6 gxf6 14. Nh4 Rg8 15. Nf1 Bh6 16. Qh5 Bg5 17. Nf5 e6 18. Qxh7 Kf8 19. Nh6 Bxh6 20. Qxh6+ Rg7 21. Ne3 Be4 22. Ng4 Bxg2 23. Re3 Be4 24. Rg3 Bg6 25. h4 f5 26. h5 fxg4 27. hxg6 Ra7 28. Qh8+ Rg8 29. g7+ Ke7 30. Qh6 Qa5 31. Qh7 Raa8 32. Rb1 Qd5 33. Rxg4 Kd7 34. Qh6 f5 1-0

[Event "CRO-chT"]
[Site "Pula"]
[Date "2000.09.16"]
[Round "6"]
[White "Shariyazdanov, Andrey"]
[Black "Klaric, Zlatko"]
[Result "1-0"]
[WhiteElo "2582"]
[BlackElo "2430"]
[PlyCount "51"]
[EventDate "2000.09.??"]
[EventType "team"]
[EventRounds "9"]
[EventCountry "CRO"]
[SourceTitle "CBM 078 Extra"]
[Source "ChessBase"]
[SourceDate "2000.11.10"]
[SourceVersion "1"]
[SourceVersionDate "2000.11.10"]
[SourceQuality "1"]

1. d4 d5 2. c4 c6 3. Nc3 Nf6 4. e3 g6 5. Nf3 Bg7 6. Bd3 Bf5 7. Bxf5 gxf5 8. cxd5 Nxd5 9. 0-0 0-0 10. Qd3 e6 11. e4 Nxc3 12. bxc3 fxe4 13. Qxe4 Qd5 14. Qg4 f5 15. Qh4 Nd7 16. Ng5 h6 17. Nh3 Rf6 18. Nf4 Qd6 19. a4 c5 20. Ba3 Qc6 21. Rfe1 b6 22. Qg3 Kf7 23. Bb2 Qc7 24. d5 Nf8 25. dxe6+ Rxe6 26. Rxe6 1-0

[Event "Oberliga Wuerttemberg 9900"]
[Site "Wuerttemberg"]
[Date "2000.01.16"]
[Round "?"]
[White "Klaric, Zlatko"]
[Black "Funke, Detlev"]
[Result "0-1"]
[WhiteElo "2422"]
[BlackElo "2209"]
[PlyCount "70"]
[EventDate "1999.??.??"]
[EventType "team"]
[EventRounds "9"]
[EventCountry "GER"]
[SourceTitle "EXT 2005"]
[Source "ChessBase"]
[SourceDate "2004.11.15"]
[SourceVersion "1"]
[SourceVersionDate "2004.11.15"]
[SourceQuality "1"]

1. e4 d6 2. d4 Nf6 3. Nc3 g6 4. f4 Bg7 5. Nf3 0-0 6. Bd3 Na6 7. 0-0 c5 8. d5 Rb8 9. a4 Nc7 10. Qe1 b6 11. Qh4 a6 12. Ng5 h6 13. Nh3 Bxh3 14. gxh3 b5 15. axb5 axb5 16. e5 Nfxd5 17. Nxd5 Nxd5 18. f5 g5 19. Qe4 dxe5 20. Be3 c4 21. Ba7 Nf6 22. Qg2 cxd3 23. Bxb8 Qd4+ 24. Qf2 Rxb8 25. Qxd4 exd4 26. cxd3 Nd5 27. Ra7 Bf6 28. Rf3 Rc8 29. Rb7 Rc5 30. Rf1 Nf4 31. Rb8+ Kg7 32. Ra1 Nxd3 33. Raa8 Nxb2 34. Rg8+ Kh7 35. Rgf8 Rxf5 0-1

[Event "Oberliga Wuerttemberg 9900"]
[Site "Wuerttemberg"]
[Date "1999.10.10"]
[Round "?"]
[White "Knorpp, Rainer"]
[Black "Klaric, Zlatko"]
[Result "0-1"]
[WhiteElo "2130"]
[BlackElo "2422"]
[PlyCount "84"]
[EventDate "1999.??.??"]
[EventType "team"]
[EventRounds "9"]
[EventCountry "GER"]
[SourceTitle "EXT 2005"]
[Source "ChessBase"]
[SourceDate "2004.11.15"]
[SourceVersion "1"]
[SourceVersionDate "2004.11.15"]
[SourceQuality "1"]

1. d4 Nf6 2. c4 e6 3. Nf3 b6 4. a3 Bb7 5. Nc3 d5 6. cxd5 Nxd5 7. Bd2 Nd7 8. Qc2 c5 9. e4 Nxc3 10. Bxc3 cxd4 11. Nxd4 Bc5 12. Rd1 0-0 13. Bb5 Qg5 14. Nf3 Bxf2+ 15. Qxf2 Qxb5 16. Qg3 f6 17. Nd4 Qc4 18. b3 Qc8 19. Nxe6 Rf7 20. 0-0 Qc6 21. Rd6 Qxe4 22. Ng5 fxg5 23. Rxf7 Kxf7 24. Rxd7+ Ke8 25. Rxg7 Rd8 26. h3 h6 27. Bb4 Qd4+ 28. Kh2 Qxg7 29. Qe3+ Kd7 30. Bc3 Qe7 31. Be5 Qc5 32. Qd3+ Kc8 33. Qf5+ Rd7 34. b4 Qe7 35. Qc2+ Kd8 36. Qc3 Ke8 37. Bg3 Rd5 38. Qh8+ Qf8 39. Qc3 Qf7 40. Qh8+ Qf8 41. Qc3 Kf7 42. Qf3+ Kg8 0-1